000 00296nam a2200121Ia 4500
008 191201s2019 xx 000 0 und d
100 _aSIDDIQUI,Anees Ahmad
245 0 _aPharmaceutics II
260 _bTara Pub
_aNew Delhi
_c2019
300 _a192
650 _aPharmaceutics - 4
942 _2ddc
_cBK
999 _c8274
_d8274